Entry Personal Name
Number of records used in: 1
001 - CONTROL NUMBER
003 - CONTROL NUMBER IDENTIFIER
005 - DATE AND TIME OF LATEST TRANSACTION
- control field:
20230403153611.0
008 - FIXED-LENGTH DATA ELEMENTS
- fixed length control field:
230403|| aca||aabn | a|a d
040 ## - CATALOGING SOURCE
- Original cataloging agency:
JRU
- Transcribing agency:
JRU
100 ## - HEADING--PERSONAL NAME
- Personal name:
SHARMA ,Y.R
670 ## - SOURCE DATA FOUND
- Source citation:
Work cat.: (JRU)8270: SHARMA ,Y.R , ELEMENTARY ORGANIC SPECTROSCOPY PRINCIPLES AND CHEMICAL APPLICATIONS , 2021